00506nam a2200169Ia 450000500170000000800410001702000150005808200130007310000150008624500170010126000400011830000130015850000470017194200060021895200970022499900150032120250321050940.0240331s9999 xx 000 0 und d a955573402X bJAYa808 aJayakody,D 0aDasa baryawa aNugegodabSarsawi publicationc2005 a198 p ., aStory of the translation of stepford wives cL 001040708LaWERCLbWERCLcSSCd2024-03-31l0o 808.3 JAYp5605r2024-03-31w2024-03-31yL c5163d5163